The master plan of evangelism / (Record no. 2761)

MARC details
000 -LEADER
fixed length control field 00992cam a2200277 a 4500
001 - CONTROL NUMBER
control field 4886805
003 - CONTROL NUMBER IDENTIFIER
control field GBCCL
005 - DATE AND TIME OF LATEST TRANSACTION
control field 20241126110438.0
008 - FIXED-LENGTH DATA ELEMENTS--GENERAL INFORMATION
fixed length control field 930127s1993 miu b 000 0 eng
010 ## -
-- 93006792
020 ## - INTERNATIONAL STANDARD BOOK NUMBER
International Standard Book Number 0800754670
040 ## - CATALOGING SOURCE
Original cataloging agency DLC
Transcribing agency DLC
Modifying agency DLC
050 00 -
-- BT590.E8
-- C6 1993
082 00 - DEWEY DECIMAL CLASSIFICATION NUMBER
Classification number 269.2
Edition information 20
Item number COL
100 1# - MAIN ENTRY--PERSONAL NAME
Personal name Coleman, Robert E.,
Dates associated with a name 1928-
9 (RLIN) 5423
245 14 - TITLE STATEMENT
Title The master plan of evangelism /
Statement of responsibility, etc. Robert E. Coleman ; foreword by Billy Graham ; introduction by Paul S. Rees ; study guide by Roy J. Fish.
250 ## - EDITION STATEMENT
Edition statement 30th anniversary ed.
260 ## - PUBLICATION, DISTRIBUTION, ETC.
Place of publication, distribution, etc. Grand Rapids, Mich. :
Name of publisher, distributor, etc. F.H. Revell,
Date of publication, distribution, etc. c1993.
300 ## - PHYSICAL DESCRIPTION
Extent 200 p. ;
Dimensions 21 cm.
504 ## - BIBLIOGRAPHY, ETC. NOTE
Bibliography, etc. note Includes bibliographical references (p. 195-200).
600 00 - SUBJECT ADDED ENTRY--PERSONAL NAME
Personal name Jesus Christ
General subdivision Evangelistic methods.
9 (RLIN) 5424
700 1# - ADDED ENTRY--PERSONAL NAME
Personal name Fish, Roy J.
9 (RLIN) 5847
906 ## - LOCAL DATA ELEMENT F, LDF (RLIN)
a 7
b cbc
c orignew
d 1
e ocip
f 19
g y-gencatlg
942 ## - ADDED ENTRY ELEMENTS (KOHA)
Source of classification or shelving scheme Dewey Decimal Classification
Koha item type Books
Koha issues (borrowed), all copies 50
Holdings
Withdrawn status Lost status Source of classification or shelving scheme Damaged status Not for loan Home library Current Library Shelving location Date acquired Total checkouts Total renewals Full call number Barcode Date last seen Date last checked out Copy number Price effective from Koha item type
    Dewey Decimal Classification     GRACE BIBLE COLLEGE GRACE BIBLE COLLEGE Ministry & Mission 2017-09-14 33 7 269.2 COL 012111 2026-01-19 2026-01-12 c.1 2017-09-14 Books
    Dewey Decimal Classification     GRACE BIBLE COLLEGE GRACE BIBLE COLLEGE Ministry & Mission 2017-09-14 38 4 269.2 COL 012112 2025-11-12 2025-11-06 c.2 2017-09-14 Books
© Grace Bible College Library 2025